[Event "Bundesliga 9900"]
[Site "Deutschland"]
[Date "2000.04.08"]
[Round "14.8"]
[White "Hedke, Fred"]
[Black "Klundt, Klaus"]
[Result "0-1"]
[WhiteElo "2376"]
[BlackElo "2407"]
[PlyCount "108"]
[EventDate "1999.10.09"]
[EventType "team"]
[EventRounds "15"]
[EventCountry "GER"]
[SourceTitle "Bundesliga 9900"]
[Source "DeepChess"]
[SourceDate "2005.01.01"]
[SourceVersion "1"]
[SourceVersionDate "2005.01.01"]
[SourceQuality "1"]
[WhiteTeam "SAbt SV Werder Bremen"]
[BlackTeam "TV Tegernsee"]
[WhiteTeamCountry "GER"]
[BlackTeamCountry "GER"]

1. e4 c5 2. d4 cxd4 3. c3 e5 4. Nf3 Nc6 5. Bc4 Qc7 6. O-O Nf6 7. Ng5 Nd8 8. Qb3
Ne6 9. f4 exf4 10. Bxe6 dxe6 11. cxd4 h6 12. Bxf4 Qb6 13. Qxb6 axb6 14. Nf3
Nxe4 15. Bc7 Bd6 16. Bxb6 Ra6 17. Rc1 Bd7 18. Bc7 O-O 19. Bxd6 Rxd6 20. Nc3 Bc6
21. Ne5 Rxd4 22. Nxc6 bxc6 23. Nxe4 Rxe4 24. Rc2 Ra8 25. a3 Re3 26. Rxc6 Re2
27. b4 Rb2 28. a4 Rxb4 29. a5 Ra7 30. Ra2 Kf8 31. Kf2 Ke7 32. a6 Kd7 33. Rc3
Rb6 34. Rca3 Rd6 35. Ke3 f5 36. h3 Ke7 37. Ra5 Kf6 38. R2a3 e5 39. R3a4 Ke6 40.
Ra3 f4+ 41. Kf3 Kf5 42. R5a4 g5 43. g4+ Ke6 44. Ra5 Rd4 45. R5a4 e4+ 46. Ke2
Rxa4 47. Rxa4 Kd5 48. Kf2 e3+ 49. Kf3 Kc6 50. h4 Kb5 51. Re4 Rxa6 52. hxg5 hxg5
53. Re5+ Kc4 54. Rxg5 Re6 0-1

[Event "Bundesliga 9900"]
[Site "Deutschland"]
[Date "2000.04.08"]
[Round "14.2"]
[White "Nielsen, Peter Heine"]
[Black "Kindermann, Stefan"]
[Result "1/2-1/2"]
[WhiteElo "2560"]
[BlackElo "2527"]
[PlyCount "118"]
[EventDate "1999.10.09"]
[EventType "team"]
[EventRounds "15"]
[EventCountry "GER"]
[SourceTitle "Bundesliga 9900"]
[Source "DeepChess"]
[SourceDate "2005.01.01"]
[SourceVersion "1"]
[SourceVersionDate "2005.01.01"]
[SourceQuality "1"]
[WhiteTeam "SV Wattenscheid 1930"]
[BlackTeam "SK Koenig Plauen"]
[WhiteTeamCountry "GER"]
[BlackTeamCountry "GER"]

1. d4 Nf6 2. c4 g6 3. Nc3 Bg7 4. e4 d6 5. Nf3 O-O 6. Be2 e5 7. O-O Nc6 8. d5
Ne7 9. Ne1 Nd7 10. Be3 f5 11. f3 f4 12. Bf2 g5 13. a4 Ng6 14. a5 Kh8 15. g4
fxg3 16. hxg3 Nf6 17. Kg2 h5 18. Be3 Nh7 19. Nd3 Qe7 20. Rh1 h4 21. g4 Nf4+ 22.
Kh2 Nf6 23. c5 Bd7 24. a6 N4xd5 25. cxd6 cxd6 26. Nxd5 Nxd5 27. axb7 Rab8 28.
Qd2 Nxe3 29. Qxe3 Rxb7 30. Rxa7 Rfb8 31. Rha1 Bf6 32. Rxb7 Rxb7 33. Ra8+ Kg7
34. Ra7 Be6 35. Nb4 Qc7 36. Na6 Qc8 37. Rxb7+ Qxb7 38. b4 Bd8 39. b5 Kf6 40.
Nb4 Bb6 41. Qd2 Qc7 42. Nc6 Bc5 43. Qa5 Qxa5 44. Nxa5 d5 45. exd5 Bxd5 46. Nc4
e4 47. fxe4 Bxe4 48. Nd2 Bc2 49. Nf3 Be3 50. Kh3 Bf2 51. b6 Bxb6 52. Nxh4 gxh4
53. Kxh4 Bf2+ 54. Kh3 Be4 55. Bf1 Kg5 56. Bg2 Bd3 57. Kh2 Kxg4 58. Kh1 Kg3 59.
Ba8 Be3 1/2-1/2

[Event "Bundesliga 9900"]
[Site "Deutschland"]
[Date "2000.04.08"]
[Round "14.3"]
[White "Gdanski, Jacek"]
[Black "Rustemov, Alexander"]
[Result "0-1"]
[WhiteElo "2512"]
[BlackElo "2573"]
[PlyCount "72"]
[EventDate "1999.10.09"]
[EventType "team"]
[EventRounds "15"]
[EventCountry "GER"]
[SourceTitle "Bundesliga 9900"]
[Source "DeepChess"]
[SourceDate "2005.01.01"]
[SourceVersion "1"]
[SourceVersionDate "2005.01.01"]
[SourceQuality "1"]
[WhiteTeam "SK Koenig Plauen"]
[BlackTeam "SV Wattenscheid 1930"]
[WhiteTeamCountry "GER"]
[BlackTeamCountry "GER"]

1. e4 e6 2. d4 d5 3. Nc3 dxe4 4. Nxe4 Bd7 5. Nf3 Bc6 6. Bd3 Nd7 7. O-O Ngf6 8.
Ng3 Be7 9. Qe2 O-O 10. Rd1 Bxf3 11. Qxf3 c6 12. b3 Qc7 13. c4 Rad8 14. Bb2 Rfe8
15. Bf1 Nf8 16. a3 Ng6 17. b4 Rd7 18. Bd3 Red8 19. Bc3 Kf8 20. a4 Qf4 21. Qe2
Qh4 22. Qf3 Qf4 23. Qe2 Qh4 24. Qf3 Nf4 25. Bc2 h5 26. b5 Qg4 27. Qe3 h4 28. h3
Qg5 29. Qf3 hxg3 30. fxg3 N4h5 31. g4 Nf4 32. bxc6 bxc6 33. g3 Nxh3+ 34. Kg2
Qxg4 35. Qxg4 Nxg4 36. Kxh3 Nf2+ 0-1

[Event "Bundesliga 9900"]
[Site "Deutschland"]
[Date "2000.04.08"]
[Round "14.4"]
[White "Hall, Jesper"]
[Black "Bischoff, Klaus"]
[Result "1/2-1/2"]
[WhiteElo "2476"]
[BlackElo "2509"]
[PlyCount "67"]
[EventDate "1999.10.09"]
[EventType "team"]
[EventRounds "15"]
[EventCountry "GER"]
[SourceTitle "Bundesliga 9900"]
[Source "DeepChess"]
[SourceDate "2005.01.01"]
[SourceVersion "1"]
[SourceVersionDate "2005.01.01"]
[SourceQuality "1"]
[WhiteTeam "SV Wattenscheid 1930"]
[BlackTeam "SK Koenig Plauen"]
[WhiteTeamCountry "GER"]
[BlackTeamCountry "GER"]

1. e4 c5 2. Nf3 e6 3. d4 cxd4 4. Nxd4 a6 5. Bd3 Ne7 6. O-O Nbc6 7. Nxc6 Nxc6 8.
f4 Be7 9. Nd2 O-O 10. a3 f6 11. Nf3 b5 12. Qe2 Bb7 13. Be3 Qc7 14. Qf2 Nd8 15.
Rfc1 Nf7 16. c4 bxc4 17. Rxc4 Qb8 18. Rc2 d5 19. exd5 Bxd5 20. Nd4 Qb7 21. Rac1
Bd6 22. f5 Ne5 23. Be2 exf5 24. Nxf5 Bb8 25. Bc5 Re8 26. Nd6 Bxd6 27. Bxd6 Rad8
28. Bb4 Nc6 29. Bc5 Be4 30. Bc4+ Kh8 31. Rd2 Ne5 32. Rxd8 Rxd8 33. Bf1 Bd3 34.
b4 1/2-1/2

[Event "Bundesliga 9900"]
[Site "Deutschland"]
[Date "2000.04.08"]
[Round "14.5"]
[White "Espig, Lutz"]
[Black "Holzke, Frank"]
[Result "1/2-1/2"]
[WhiteElo "2423"]
[BlackElo "2448"]
[PlyCount "90"]
[EventDate "1999.10.09"]
[EventType "team"]
[EventRounds "15"]
[EventCountry "GER"]
[SourceTitle "Bundesliga 9900"]
[Source "DeepChess"]
[SourceDate "2005.01.01"]
[SourceVersion "1"]
[SourceVersionDate "2005.01.01"]
[SourceQuality "1"]
[WhiteTeam "SK Koenig Plauen"]
[BlackTeam "SV Wattenscheid 1930"]
[WhiteTeamCountry "GER"]
[BlackTeamCountry "GER"]

1. Nf3 Nf6 2. c4 c5 3. Nc3 Nc6 4. g3 g6 5. Bg2 Bg7 6. O-O O-O 7. d4 cxd4 8.
Nxd4 Ng4 9. e3 Nxd4 10. exd4 d6 11. b3 Rb8 12. Bb2 Nh6 13. Qd2 Nf5 14. Nd5 e6
15. Ne3 Nxe3 16. fxe3 b5 17. Rfc1 Bb7 18. c5 dxc5 19. Rxc5 Qd7 20. Bxb7 Qxb7
21. Qg2 Bh6 22. Re1 Qa6 23. Qc2 b4 24. Kf2 Rfc8 25. Rc1 Rxc5 26. dxc5 Qc6 27.
Qd3 Bg7 28. Bxg7 Kxg7 29. Qd6 Qxd6 30. cxd6 Rd8 31. Rc6 Kf6 32. Kf3 Ke5 33. Rc7
Rxd6 34. Rxa7 Rd2 35. Rxf7 Rxa2 36. Rxh7 Rb2 37. h4 Kf6 38. g4 Rxb3 39. Ke4 g5
40. Rh6+ Kg7 41. hxg5 Rb1 42. Rxe6 b3 43. Rb6 b2 44. Kd3 Rd1+ 45. Kc2 Re1
1/2-1/2

[Event "Bundesliga 9900"]
[Site "Deutschland"]
[Date "2000.04.08"]
[Round "14.6"]
[White "Ellers, Holger"]
[Black "Schaller, Sven"]
[Result "0-1"]
[WhiteElo "2426"]
[BlackElo "2308"]
[PlyCount "132"]
[EventDate "1999.10.09"]
[EventType "team"]
[EventRounds "15"]
[EventCountry "GER"]
[SourceTitle "Bundesliga 9900"]
[Source "DeepChess"]
[SourceDate "2005.01.01"]
[SourceVersion "1"]
[SourceVersionDate "2005.01.01"]
[SourceQuality "1"]
[WhiteTeam "SV Wattenscheid 1930"]
[BlackTeam "SK Koenig Plauen"]
[WhiteTeamCountry "GER"]
[BlackTeamCountry "GER"]

1. d4 d5 2. c4 e6 3. Nf3 Nf6 4. Nc3 Be7 5. Bg5 h6 6. Bh4 O-O 7. e3 b6 8. Bd3
Bb7 9. O-O Nbd7 10. Bg3 c5 11. Qe2 Ne4 12. Rfd1 Nxg3 13. hxg3 cxd4 14. Nxd4 Nf6
15. Rac1 Rc8 16. cxd5 exd5 17. Ba6 Qd7 18. Bb5 Qd8 19. Qd3 g6 20. Nce2 Bc5 21.
Ba6 Qe7 22. Bxb7 Qxb7 23. Nb3 Rfd8 24. Nc3 Be7 25. Qe2 Kg7 26. Rc2 Ne4 27. Rdc1
Nc5 28. Nd4 Bf6 29. Rd1 Ne4 30. Nxe4 dxe4 31. Rcd2 Bxd4 32. Rxd4 Rxd4 33. Rxd4
Rc1+ 34. Rd1 Qc6 35. Kh2 Qc2 36. Re1 h5 37. b3 a5 38. Qf1 Rxe1 39. Qxe1 Qxa2
40. Qc3+ Kg8 41. Qc8+ Kh7 42. Qc4 Qxf2 43. Qxe4 Qf5 44. Qd4 Qb5 45. Qc3 a4 46.
bxa4 Qxa4 47. Qc7 Qb3 48. e4 b5 49. e5 Qc4 50. Qe7 Kh6 51. Qd8 Kh7 52. Qe7 Qe6
53. Qc5 b4 54. Qxb4 Qxe5 55. Qh4 f6 56. Qc4 Kh6 57. Qc1+ g5 58. Qc8 h4 59. Qh8+
Kg6 60. Qg8+ Kf5 61. Qc8+ Ke4 62. Qc4+ Ke3 63. Qb3+ Kd4 64. Qb6+ Kc3 65. Qc6+
Kd2 66. Qd7+ Ke1 0-1

[Event "Bundesliga 9900"]
[Site "Deutschland"]
[Date "2000.04.08"]
[Round "14.7"]
[White "Haskamp, Stephan"]
[Black "Straeter, Timo"]
[Result "0-1"]
[WhiteElo "2297"]
[BlackElo "2316"]
[PlyCount "116"]
[EventDate "1999.10.09"]
[EventType "team"]
[EventRounds "15"]
[EventCountry "GER"]
[SourceTitle "Bundesliga 9900"]
[Source "DeepChess"]
[SourceDate "2005.01.01"]
[SourceVersion "1"]
[SourceVersionDate "2005.01.01"]
[SourceQuality "1"]
[WhiteTeam "SK Koenig Plauen"]
[BlackTeam "SV Wattenscheid 1930"]
[WhiteTeamCountry "GER"]
[BlackTeamCountry "GER"]

1. e4 e5 2. Nf3 d6 3. d4 Nf6 4. Nc3 exd4 5. Nxd4 Be7 6. Bf4 O-O 7. Qd2 Nc6 8.
Be2 Re8 9. O-O Bf8 10. Nxc6 bxc6 11. e5 Ng4 12. exd6 cxd6 13. Bf3 d5 14. Rfe1
Bf5 15. Rxe8 Qxe8 16. Re1 Qd7 17. Na4 Nf6 18. Be3 Bg4 19. Nc5 Qd6 20. b4 Bxf3
21. Bf4 Qd8 22. gxf3 Nd7 23. Nxd7 Qxd7 24. Kg2 Qb7 25. a3 a5 26. c3 axb4 27.
axb4 Qd7 28. Bg3 h6 29. Rd1 Rd8 30. Qd4 Qe6 31. Qb6 Be7 32. Rd3 Bf6 33. Re3 Qd7
34. Rd3 h5 35. h4 Re8 36. Re3 Rc8 37. Rd3 Qf5 38. Re3 g5 39. hxg5 Qxg5 40. Qb7
Rd8 41. Qxc6 h4 42. f4 Qf5 43. Bh2 Kh7 44. Qa6 Rg8+ 45. Kf1 Qb1+ 46. Re1 Qg6
47. Re3 Qg2+ 48. Ke2 Kg7 49. Bg3 d4 50. cxd4 Ra8 51. Qc4 Ra1 52. Rc3 Qf1+ 53.
Kf3 Qd1+ 54. Ke4 Qh1+ 55. Kd3 hxg3 56. Qc8 Qf1+ 57. Ke4 Qg2+ 58. Kd3 gxf2 0-1

[Event "Bundesliga 9900"]
[Site "Deutschland"]
[Date "2000.04.08"]
[Round "14.8"]
[White "Koehn, Peter"]
[Black "Sandner, Gunter"]
[Result "0-1"]
[WhiteElo "2323"]
[BlackElo "2374"]
[PlyCount "78"]
[EventDate "1999.10.09"]
[EventType "team"]
[EventRounds "15"]
[EventCountry "GER"]
[SourceTitle "Bundesliga 9900"]
[Source "DeepChess"]
[SourceDate "2005.01.01"]
[SourceVersion "1"]
[SourceVersionDate "2005.01.01"]
[SourceQuality "1"]
[WhiteTeam "SV Wattenscheid 1930"]
[BlackTeam "SK Koenig Plauen"]
[WhiteTeamCountry "GER"]
[BlackTeamCountry "GER"]

1. e4 c5 2. Nf3 Nc6 3. d4 cxd4 4. Nxd4 Nf6 5. Nc3 e5 6. Ndb5 d6 7. Nd5 Nxd5 8.
exd5 Ne7 9. c4 Nf5 10. Bd3 Be7 11. O-O a6 12. Nc3 O-O 13. f4 exf4 14. Bxf4 Nh4
15. Kh1 Ng6 16. Qh5 f5 17. Bg3 Nh8 18. c5 g6 19. Qe2 Nf7 20. Bc4 Bf6 21. Rfe1
b5 22. cxb6 Qxb6 23. Bb3 Bd7 24. Qd2 a5 25. Rac1 Rfb8 26. Rc2 Qb4 27. Nd1 Qxd2
28. Rxd2 Rb4 29. Rc2 f4 30. Bf2 Ne5 31. Rc7 Rc8 32. Rxc8+ Bxc8 33. Bc2 Kf7 34.
Re4 Rxe4 35. Bxe4 Bg4 36. Bc2 Nc4 37. Nc3 Nxb2 38. Nb5 Ke7 39. Be1 f3 $138 0-1

[Event "Bundesliga 9900"]
[Site "Deutschland"]
[Date "2000.04.08"]
[Round "14.2"]
[White "Slobodjan, Roman"]
[Black "Gallagher, Joseph G"]
[Result "1-0"]
[WhiteElo "2550"]
[BlackElo "2521"]
[PlyCount "95"]
[EventDate "1999.10.09"]
[EventType "team"]
[EventRounds "15"]
[EventCountry "GER"]
[SourceTitle "Bundesliga 9900"]
[Source "DeepChess"]
[SourceDate "2005.01.01"]
[SourceVersion "1"]
[SourceVersionDate "2005.01.01"]
[SourceQuality "1"]
[WhiteTeam "USC Magdeburg"]
[BlackTeam "SV Castrop Rauxel 1923"]
[WhiteTeamCountry "GER"]
[BlackTeamCountry "GER"]

1. e4 c5 2. Nc3 Nc6 3. g3 g6 4. Bg2 Bg7 5. d3 d6 6. Nge2 Nf6 7. h3 Rb8 8. Be3
O-O 9. Qd2 b5 10. O-O b4 11. Nd1 Ne8 12. a3 a5 13. axb4 axb4 14. d4 cxd4 15.
Nxd4 Bd7 16. Nxc6 Bxc6 17. Re1 Nc7 18. Bh6 Bxh6 19. Qxh6 Ne6 20. Ne3 Nc5 21.
Ng4 b3 22. c3 Nd3 23. Re2 Qb6 24. e5 Nxe5 25. Nxe5 dxe5 26. Bxc6 Qxc6 27. Rxe5
Ra8 28. Rae1 e6 29. R5e4 Ra1 30. Rxa1 Qxe4 31. Qd2 Rb8 32. Rc1 Qc4 33. Rd1 h5
34. h4 Qe4 35. Qd3 Qxd3 36. Rxd3 Kf8 37. Rd7 Rb5 38. Kf1 Kg7 39. Ke2 e5 40. Kd3
Kf6 41. c4 Rb8 42. c5 Ke6 43. Rd6+ Kf5 44. Kc4 e4 45. c6 Kg4 46. Kc5 e3 47.
Rd4+ Kf3 48. fxe3 1-0

[Event "Bundesliga 9900"]
[Site "Deutschland"]
[Date "2000.04.08"]
[Round "14.5"]
[White "Watson, William N"]
[Black "Baklan, Vladimir"]
[Result "0-1"]
[WhiteElo "2535"]
[BlackElo "2591"]
[PlyCount "78"]
[EventDate "1999.10.09"]
[EventType "team"]
[EventRounds "15"]
[EventCountry "GER"]
[SourceTitle "Bundesliga 9900"]
[Source "DeepChess"]
[SourceDate "2005.01.01"]
[SourceVersion "1"]
[SourceVersionDate "2005.01.01"]
[SourceQuality "1"]
[WhiteTeam "SV Castrop Rauxel 1923"]
[BlackTeam "USC Magdeburg"]
[WhiteTeamCountry "GER"]
[BlackTeamCountry "GER"]

1. e4 c5 2. d3 Nc6 3. g3 d5 4. exd5 Qxd5 5. Nf3 g6 6. Bg2 Bg7 7. Nc3 Qd8 8. Be3
Nd4 9. Ne4 Nxf3+ 10. Qxf3 Bd7 11. Qe2 Bc6 12. Bxc5 Bxb2 13. Rb1 Qa5+ 14. Qd2
Bc3 15. Qxc3 Qxc3+ 16. Nxc3 Bxg2 17. Rg1 Bf3 18. Nb5 Kd7 19. Nxa7 Nf6 20. Kd2
e5 21. Rge1 Rhe8 22. Rb6 Re6 23. Reb1 Kd8 24. Ke3 Nd7 25. Rxe6 fxe6 26. Kxf3
Nxc5 27. Rb5 e4+ 28. dxe4 b6 29. Nc6+ Kc7 30. Nb4 g5 31. Nd3 Ra3 32. Ke3 h6 33.
Kd4 Nxd3 34. cxd3 Rxa2 35. Ke3 Kc6 36. Re5 Kd6 37. Rb5 Kc6 38. Rb1 b5 39. h3
Rc2 0-1

[Event "Bundesliga 9900"]
[Site "Deutschland"]
[Date "2000.04.08"]
[Round "14.6"]
[White "Georgiev, Vladimir"]
[Black "Dinstuhl, Volkmar"]
[Result "1-0"]
[WhiteElo "2519"]
[BlackElo "2404"]
[PlyCount "73"]
[EventDate "1999.10.09"]
[EventType "team"]
[EventRounds "15"]
[EventCountry "GER"]
[SourceTitle "Bundesliga 9900"]
[Source "DeepChess"]
[SourceDate "2005.01.01"]
[SourceVersion "1"]
[SourceVersionDate "2005.01.01"]
[SourceQuality "1"]
[WhiteTeam "USC Magdeburg"]
[BlackTeam "SV Castrop Rauxel 1923"]
[WhiteTeamCountry "GER"]
[BlackTeamCountry "GER"]

1. d4 Nf6 2. c4 e6 3. Nc3 Bb4 4. e3 O-O 5. Bd3 c5 6. Nge2 d5 7. cxd5 cxd4 8.
exd4 Qxd5 9. O-O Qh5 10. Ne4 Nxe4 11. Bxe4 Bd6 12. Bf4 Bxf4 13. Nxf4 Qxd1 14.
Rfxd1 Nc6 15. Bxc6 bxc6 16. Rac1 Rb8 17. b3 Bd7 18. f3 Rfd8 19. Kf2 Rb4 20. Ke3
Be8 21. Rc5 Rb5 22. Rdc1 Rdb8 23. Nd3 f6 24. Rxb5 Rxb5 25. Rc4 Kf7 26. Ra4 a5
27. Kd2 Ke7 28. Kc3 Bf7 29. Rc4 Kd6 30. f4 Bg6 31. Nc5 Bh5 32. a4 Rb8 33. Ne4+
Kc7 34. Rc5 Bg6 35. Nd2 Ra8 36. g3 h5 37. Nc4 1-0

[Event "Bundesliga 9900"]
[Site "Deutschland"]
[Date "2000.04.08"]
[Round "14.7"]
[White "Appel, Ralf"]
[Black "Proehl, Holger"]
[Result "1/2-1/2"]
[WhiteElo "2475"]
[BlackElo "2389"]
[PlyCount "97"]
[EventDate "1999.10.09"]
[EventType "team"]
[EventRounds "15"]
[EventCountry "GER"]
[SourceTitle "Bundesliga 9900"]
[Source "DeepChess"]
[SourceDate "2005.01.01"]
[SourceVersion "1"]
[SourceVersionDate "2005.01.01"]
[SourceQuality "1"]
[WhiteTeam "SV Castrop Rauxel 1923"]
[BlackTeam "USC Magdeburg"]
[WhiteTeamCountry "GER"]
[BlackTeamCountry "GER"]

1. Nf3 Nf6 2. g3 g6 3. Bg2 Bg7 4. O-O O-O 5. c4 c5 6. d4 cxd4 7. Qxd4 Nc6 8.
Qh4 Qa5 9. Nc3 Qh5 10. Qxh5 Nxh5 11. Bg5 h6 12. Be3 d6 13. Rac1 Be6 14. b3 Rfc8
15. Rfd1 Nf6 16. h3 Nd7 17. Ne1 Nc5 18. Bxc5 dxc5 19. Nd3 b6 20. Nf4 Bd4 21. e3
Bxc3 22. Rxc3 a5 23. Nxe6 fxe6 24. Rd7 Kf7 25. Rb7 Ra6 26. Bxc6 Rxc6 27. Rd3 a4
28. Rdd7 axb3 29. Rxe7+ Kf6 30. axb3 Ra3 31. Kg2 Ke5 32. Rh7 h5 33. Rbg7 Rxb3
34. Rxg6 Ke4 35. Rd7 Rd3 36. Rgg7 Rdd6 37. g4 hxg4 38. Rxg4+ Kd3 39. Re7 Rc8
40. h4 b5 41. cxb5 c4 42. Rgg7 c3 43. Rc7 Rxc7 44. Rxc7 c2 45. Kf3 Rb6 46. Rd7+
Kc3 47. Rc7+ Kd3 48. Rd7+ Kc3 49. Rc7+ 1/2-1/2

[Event "Bundesliga 9900"]
[Site "Deutschland"]
[Date "2000.04.08"]
[Round "14.8"]
[White "Darnstaedt, Frank"]
[Black "Hermesmann, Hans"]
[Result "1-0"]
[WhiteElo "2340"]
[BlackElo "2271"]
[PlyCount "81"]
[EventDate "1999.10.09"]
[EventType "team"]
[EventRounds "15"]
[EventCountry "GER"]
[SourceTitle "Bundesliga 9900"]
[Source "DeepChess"]
[SourceDate "2005.01.01"]
[SourceVersion "1"]
[SourceVersionDate "2005.01.01"]
[SourceQuality "1"]
[WhiteTeam "USC Magdeburg"]
[BlackTeam "SV Castrop Rauxel 1923"]
[WhiteTeamCountry "GER"]
[BlackTeamCountry "GER"]

1. e4 c5 2. c3 d6 3. d4 Nf6 4. Bd3 Nc6 5. Ne2 g6 6. O-O Bg7 7. h3 O-O 8. Be3
cxd4 9. cxd4 e5 10. Nbc3 exd4 11. Nxd4 d5 12. exd5 Nxd5 13. Nxd5 Nxd4 14. Bc4
Nf5 15. Bc5 Re8 16. Bb5 Be6 17. Bxe8 Bxd5 18. Qd3 b6 19. Be3 Nxe3 20. fxe3 Qg5
21. e4 Be6 22. Qb5 Qe3+ 23. Kh1 a6 24. Qc6 Rd8 25. Rad1 Rxd1 26. Rxd1 Be5 27.
Qc2 Qg3 28. Kg1 Bxh3 29. Qf2 Qh2+ 30. Kf1 Qh1+ 31. Qg1 Bxg2+ 32. Kf2 Qxg1+ 33.
Kxg1 Bxe4 34. Rd7 f5 35. Bf7+ Kf8 36. Be6 h5 37. Rf7+ Ke8 38. Ra7 f4 39. Rxa6
Bxb2 40. Ra4 Bb1 41. Rb4 1-0

[Event "Bundesliga 9900"]
[Site "Deutschland"]
[Date "2000.04.09"]
[Round "15.2"]
[White "Beim, Valery"]
[Black "Rogers, Ian"]
[Result "1/2-1/2"]
[WhiteElo "2559"]
[BlackElo "2574"]
[PlyCount "46"]
[EventDate "1999.10.09"]
[EventType "team"]
[EventRounds "15"]
[EventCountry "GER"]
[SourceTitle "Bundesliga 9900"]
[Source "DeepChess"]
[SourceDate "2005.01.01"]
[SourceVersion "1"]
[SourceVersionDate "2005.01.01"]
[SourceQuality "1"]
[WhiteTeam "TV Tegernsee"]
[BlackTeam "Delmenhorster SK 1931"]
[WhiteTeamCountry "GER"]
[BlackTeamCountry "GER"]

1. c4 c5 2. Nf3 Nf6 3. g3 e6 4. Bg2 d5 5. cxd5 exd5 6. d4 Nc6 7. O-O Be7 8. Nc3
O-O 9. dxc5 Bxc5 10. Bg5 d4 11. Na4 Be7 12. Rc1 Qa5 13. a3 Bg4 14. b4 Qf5 15.
Qd3 Qxd3 16. exd3 h6 17. Bxf6 Bxf6 18. Nc5 a5 19. Nxb7 Bxf3 20. Bxf3 Ne5 21.
Be4 axb4 22. axb4 Ra3 23. Rfd1 Rb8 1/2-1/2

[Event "Bundesliga 9900"]
[Site "Deutschland"]
[Date "2000.04.09"]
[Round "15.4"]
[White "Teske, Henrik"]
[Black "Baburin, Alexander"]
[Result "0-1"]
[WhiteElo "2515"]
[BlackElo "2593"]
[PlyCount "120"]
[EventDate "1999.10.09"]
[EventType "team"]
[EventRounds "15"]
[EventCountry "GER"]
[SourceTitle "Bundesliga 9900"]
[Source "DeepChess"]
[SourceDate "2005.01.01"]
[SourceVersion "1"]
[SourceVersionDate "2005.01.01"]
[SourceQuality "1"]
[WhiteTeam "TV Tegernsee"]
[BlackTeam "Delmenhorster SK 1931"]
[WhiteTeamCountry "GER"]
[BlackTeamCountry "GER"]

1. c4 e5 2. Nc3 Nf6 3. Nf3 Nc6 4. e3 Bb4 5. Qc2 Bxc3 6. Qxc3 Qe7 7. Be2 d5 8.
d4 exd4 9. Nxd4 Nxd4 10. Qxd4 c5 11. Qd1 dxc4 12. Bxc4 Qe4 13. Bb5+ Bd7 14.
Bxd7+ Nxd7 15. O-O Rd8 16. b3 O-O 17. Bb2 Ne5 18. Qe2 Nd3 19. Rad1 Rfe8 20. Qc2
f6 21. Rd2 b5 22. Rfd1 c4 23. bxc4 bxc4 24. h3 Rc8 25. Bd4 a6 26. Rb1 Rc6 27.
Rb7 Rd8 28. Kh2 h5 29. Qc3 h4 30. Rb6 Rxb6 31. Bxb6 Rb8 32. Bd4 Qe6 33. Rc2
Qd6+ 34. f4 Rc8 35. Kg1 Qd5 36. a4 a5 37. Bb6 Rb8 38. Qxa5 Qxa5 39. Bxa5 Ra8
40. Bd2 Rxa4 41. Kf1 f5 42. Ke2 Kf7 43. e4 Ke6 44. Ke3 g6 45. Kd4 fxe4 46. Kxe4
Nc5+ 47. Kd4 Nb3+ 48. Kc3 Kd5 49. Be3 Nd4 50. Bxd4 Ra3+ 51. Kb2 Rb3+ 52. Ka2
Kxd4 53. Rf2 Rb5 54. Rd2+ Kc3 55. Rf2 Kd3 56. Rf3+ Kd4 57. g4 c3 58. f5 c2 59.
Rf4+ Kd3 60. Rf3+ Ke2 0-1

[Event "Bundesliga 9900"]
[Site "Deutschland"]
[Date "2000.04.09"]
[Round "15.6"]
[White "Kachiani Gersinska, Ketino"]
[Black "Beckemeier, Werner"]
[Result "1/2-1/2"]
[WhiteElo "2427"]
[BlackElo "2374"]
[PlyCount "37"]
[EventDate "1999.10.09"]
[EventType "team"]
[EventRounds "15"]
[EventCountry "GER"]
[SourceTitle "Bundesliga 9900"]
[Source "DeepChess"]
[SourceDate "2005.01.01"]
[SourceVersion "1"]
[SourceVersionDate "2005.01.01"]
[SourceQuality "1"]
[WhiteTeam "TV Tegernsee"]
[BlackTeam "Delmenhorster SK 1931"]
[WhiteTeamCountry "GER"]
[BlackTeamCountry "GER"]

1. d4 d5 2. c4 e6 3. Nf3 c6 4. e3 f5 5. Bd3 Nf6 6. O-O Bd6 7. b3 Qe7 8. a4 a5
9. Ba3 Bxa3 10. Nxa3 O-O 11. Qb1 Ne4 12. Rc1 Na6 13. Nc2 b6 14. Ne5 Bb7 15. f3
Nf6 16. Qb2 c5 17. cxd5 Nxd5 18. Bb5 Rac8 19. Re1 1/2-1/2

[Event "Bundesliga 9900"]
[Site "Deutschland"]
[Date "2000.04.09"]
[Round "15.8"]
[White "Bromberger, Stefan"]
[Black "Wesseln, Kai"]
[Result "1/2-1/2"]
[WhiteElo "2279"]
[BlackElo "2356"]
[PlyCount "82"]
[EventDate "1999.10.09"]
[EventType "team"]
[EventRounds "15"]
[EventCountry "GER"]
[SourceTitle "Bundesliga 9900"]
[Source "DeepChess"]
[SourceDate "2005.01.01"]
[SourceVersion "1"]
[SourceVersionDate "2005.01.01"]
[SourceQuality "1"]
[WhiteTeam "TV Tegernsee"]
[BlackTeam "Delmenhorster SK 1931"]
[WhiteTeamCountry "GER"]
[BlackTeamCountry "GER"]

1. e4 c5 2. Nf3 g6 3. d4 Bg7 4. c4 Nc6 5. dxc5 Qa5+ 6. Nbd2 Nf6 7. Bd3 O-O 8.
O-O Qxc5 9. Nb3 Qb6 10. c5 Qc7 11. h3 b6 12. Re1 Bb7 13. e5 Nd5 14. Bc4 e6 15.
Bxd5 exd5 16. cxb6 axb6 17. Bf4 Nd8 18. Qd2 Ne6 19. Bh6 d6 20. Bxg7 Kxg7 21.
Nbd4 Nxd4 22. Qxd4 dxe5 23. Nxe5 f6 24. Rac1 Qd8 25. Ng4 h5 26. Ne3 Re8 27. Qf4
Re5 28. Nf5+ Rxf5 29. Qc7+ Qxc7 30. Rxc7+ Kh6 31. Rxb7 Rxa2 32. g3 h4 33. gxh4
Ra4 34. Rxb6 Rxh4 35. Ree6 Kg5 36. Rb3 Rd4 37. Rg3+ Kh6 38. Re2 Rd1+ 39. Kg2 d4
40. Re6 Rd2 41. Rf3 Rxf3 1/2-1/2